| 000 | 00344nam a22001217a 4500 | ||
|---|---|---|---|
| 082 | _a220 PRO | ||
| 100 |
_aUSMAN ARIF _971914 |
||
| 245 | _aPR-SOF-1389-MOBILE APPLICATION FOR ENTERPRISE RESOURCE PLANNING | ||
| 260 |
_aISLAMABAD _bNUST COLLEGE OF EME _c DE-COMP-32 |
||
| 650 | _a DE-COMP-32 | ||
| 700 |
_aDR FAROOQUE AZAM _917306 |
||
| 942 | _cCR | ||
| 999 |
_c578182 _d578182 |
||